000 00492nam a2200181Ia 4500
003 OSt
005 20140322125138.0
008 140130s9999 xx 000 0 und d
020 _a0439458250
050 _aTR 428
_bMa11 2004
100 _aMartin, Justin McCory
245 _cJustin McCory Martin
_aFrancine Fribble, Proofreading policewoman /
260 _bScholastic,
_c2004.
_aNew York :
300 _a16 p. :
_bcol. ill. ;
_c24 cm.
440 _v1
942 _cBK
_2lcc
999 _c42120
_d42120